Anuraga Lolagathri (Record no. 137035)

MARC details
000 -LEADER
fixed length control field 00546nam a22001937a 4500
003 - CONTROL NUMBER IDENTIFIER
control field OSt
005 - DATE AND TIME OF LATEST TRANSACTION
control field 20250612155146.0
008 - FIXED-LENGTH DATA ELEMENTS--GENERAL INFORMATION
fixed length control field 250612b |||||||| |||| 00| 0 eng d
020 ## - INTERNATIONAL STANDARD BOOK NUMBER
International Standard Book Number 978-81-966976-9-3
040 ## - CATALOGING SOURCE
Transcribing agency SBCL
082 ## - DEWEY DECIMAL CLASSIFICATION NUMBER
Classification number 894.8123
Item number THO-A
100 ## - MAIN ENTRY--PERSONAL NAME
Personal name Thomas,Juleya
245 ## - TITLE STATEMENT
Title Anuraga Lolagathri
250 ## - EDITION STATEMENT
Edition statement 11th ed.
260 ## - PUBLICATION, DISTRIBUTION, ETC.
Place of publication, distribution, etc. Puthiyangadi
Name of publisher, distributor, etc. Mankind Literature
Date of publication, distribution, etc. 2025
300 ## - PHYSICAL DESCRIPTION
Extent 176p.
650 ## - SUBJECT ADDED ENTRY--TOPICAL TERM
Topical term or geographic name entry element Literatures of other languages
942 ## - ADDED ENTRY ELEMENTS (KOHA)
Koha item type BOOK
650 ## - SUBJECT ADDED ENTRY--TOPICAL TERM
Source of heading or term Literature & rhetoric
Form subdivision Altaic, Uralic, Hyperborean & Dravidian
Holdings
Withdrawn status Lost status Source of classification or shelving scheme Damaged status Not for loan Home library Current library Date acquired Total Checkouts Full call number Barcode Shelving location Date due Date last seen Date last checked out Price effective from Koha item type
    Dewey Decimal Classification     SB LIBRARY SB LIBRARY 12/06/2025 19 894.8123 THO-A 142956 GENERAL STACK 18/06/2026 02/06/2026 02/06/2026 12/06/2025 BOOK

Powered by Koha